[Event "Bayern-ch Seniors 18th"]
[Site "Schloss Schney"]
[Date "2006.07.02"]
[Round "8"]
[White "Goy, Udo"]
[Black "Dohmel, Wolfgang"]
[Result "1-0"]
[WhiteElo "2107"]
[BlackElo "1770"]
[PlyCount "63"]
[EventDate "2006.06.25"]
[EventType "swiss"]
[EventRounds "9"]
[EventCountry "GER"]
[SourceTitle "EXT 2007"]
[Source "ChessBase"]
[SourceDate "2006.11.23"]
[SourceVersion "1"]
[SourceVersionDate "2006.11.23"]
[SourceQuality "1"]

1. d4 f5 2. h3 b6 3. g4 Bb7 4. Nf3 e6 5. gxf5 exf5 6. Rg1 Qe7 7. Bg2 Nf6 8. Nc3 d6 9. d5 c5 10. dxc6 Nxc6 11. Bg5 0-0-0 12. Nd5 Qe6 13. Bxf6 gxf6 14. Nd4 Qe5 15. Nxb6+ axb6 16. Bxc6 Bh6 17. Bxb7+ Kxb7 18. e3 d5 19. Qh5 Bxe3 20. fxe3 Qxe3+ 21. Ne2 Rhe8 22. Rf1 Re5 23. Rd1 Rde8 24. Rd2 f4 25. Qxh7+ R8e7 26. Qd3 f3 27. Rxf3 Qg1+ 28. Rf1 Qg5 29. Kd1 Re3 30. Qxd5+ Qxd5 31. Rxd5 Rxe2 32. Rd7+ 1-0

[Event "Bayern-ch Seniors 18th"]
[Site "Schloss Schney"]
[Date "2006.06.29"]
[Round "5"]
[White "Dohmel, Wolfgang"]
[Black "Petzold, Hans"]
[Result "1/2-1/2"]
[WhiteElo "1770"]
[BlackElo "2023"]
[PlyCount "50"]
[EventDate "2006.06.25"]
[EventType "swiss"]
[EventRounds "9"]
[EventCountry "GER"]
[SourceTitle "EXT 2007"]
[Source "ChessBase"]
[SourceDate "2006.11.23"]
[SourceVersion "1"]
[SourceVersionDate "2006.11.23"]
[SourceQuality "1"]

1. d4 e6 2. e3 f5 3. f4 Nf6 4. Nf3 b6 5. Bd3 Be7 6. 0-0 0-0 7. Bd2 Bb7 8. Qe2 Qe8 9. Be1 d6 10. Nbd2 Ne4 11. c3 Nd7 12. Ba6 Bxa6 13. Qxa6 Ndf6 14. Qc4 Qd7 15. Bh4 Ng4 16. Qe2 Nxd2 17. Qxd2 Rae8 18. Bxe7 Qxe7 19. Rae1 Nf6 20. Qd1 Qd7 21. Qc2 Kh8 22. Nd2 d5 23. Nf3 c5 24. Ne5 Qc7 25. Qe2 g6 1/2-1/2

[Event "Bayern-ch Seniors 18th"]
[Site "Schloss Schney"]
[Date "2006.06.26"]
[Round "2"]
[White "Ambros, Hans"]
[Black "Dohmel, Wolfgang"]
[Result "0-1"]
[WhiteElo "1203"]
[BlackElo "1770"]
[PlyCount "86"]
[EventDate "2006.06.25"]
[EventType "swiss"]
[EventRounds "9"]
[EventCountry "GER"]
[SourceTitle "EXT 2007"]
[Source "ChessBase"]
[SourceDate "2006.11.23"]
[SourceVersion "1"]
[SourceVersionDate "2006.11.23"]
[SourceQuality "1"]

1. c4 f5 2. d4 Nf6 3. Bf4 e6 4. a3 Be7 5. Nc3 d6 6. e3 0-0 7. Nf3 b6 8. Be2 Bb7 9. 0-0 Nh5 10. h3 Nxf4 11. exf4 Nd7 12. b4 Bf6 13. Rc1 Qe7 14. b5 Rad8 15. a4 Rfe8 16. Re1 Qf7 17. Ra1 c5 18. Qc2 cxd4 19. Na2 d3 20. Qxd3 Nc5 21. Qc2 Be4 22. Qc1 Nb3 23. Qd1 Nxa1 24. Nd2 Ba8 25. Qc1 Bd4 26. Nf3 Bxf3 27. Bxf3 Nb3 28. Qd1 Bxf2+ 29. Kxf2 Nc5 30. Nc3 Kh8 31. Bc6 Re7 32. Qc2 Qf6 33. Ne2 e5 34. fxe5 dxe5 35. Ng3 Nd3+ 36. Kf1 Nxe1 37. Kxe1 e4 38. Kf1 g6 39. Kg1 Rd3 40. Nf1 Qd4+ 41. Kh2 Rc3 42. Qb2 Rxc4 43. Qxd4+ Rxd4 0-1